Noticias sobre la campaña turco-griega de 1919-1922 / (Record no. 77942)

MARC details
000 -LEADER
campo de control de longitud fija 00774nam a2200229 i 4500
001 - NÚMERO DE CONTROL
campo de control 77942
003 - IDENTIFICADOR DE NÚMERO DE CONTROL
campo de control ES-MaACL
005 - FECHA Y HORA DE LA ÚLTIMA TRANSACCIÓN
campo de control 20230906173451.0
007 - CAMPO FIJO DE DESCRIPCIÓN FÍSICA--INFORMACIÓN GENERAL
campo de control de longitud fija t|
008 - DATOS DE LONGITUD FIJA--INFORMACIÓN GENERAL
campo de control de longitud fija 041116s1936 sp ||||1| spa d
080 ## - NÚMERO DE LA CLASIFICACIÓN DECIMAL UNIVERSAL
Número de la Clasificación Decimal Universal 940
100 1# - ENTRADA PRINCIPAL--NOMBRE DE PERSONA
Nombre de persona Macario, Baj.
9 (RLIN) 75053
245 10 - MENCIÓN DEL TÍTULO
Título Noticias sobre la campaña turco-griega de 1919-1922 /
Mención de responsabilidad, etc. Capitán Baj Macario ; versión española de Fernando Ahumada.
260 ## - PUBLICACIÓN, DISTRIBUCIÓN, ETC.
Lugar de publicación, distribución, etc. Toledo :
Nombre del editor, distribuidor, etc. [s.n.],
Fecha de publicación, distribución, etc. 1936 (
Fabricante Rodríguez Impresor)
300 ## - DESCRIPCIÓN FÍSICA
Extensión 141 p. ;
Dimensiones 19 cm.
490 1# - MENCIÓN DE SERIE
Mención de serie Colección Bibliográfica Militar ;
Designación de volumen o secuencia 91
650 14 - PUNTO DE ACCESO ADICIONAL DE MATERIA--TÉRMINO DE MATERIA
Término de materia o nombre geográfico como elemento de entrada Guerra turco-griega, 1919-1922.
9 (RLIN) 13265
700 1# - ENTRADA AGREGADA--NOMBRE PERSONAL
Nombre de persona Ahumada, Fernando.
9 (RLIN) 18950
830 0# - PUNTO DE ACCESO ADICIONAL DE SERIE-TÍTULO UNIFORME
Título uniforme Colección Bibliográfica Militar ;
Designación de volumen o secuencia 91
9 (RLIN) 183564
852 ## - LOCALIZACIÓN
Ubicación ES-MaACL
Número de control de estantería E-10396
Sublocalización o colección R.133676
Holdings
Estatus retirado Estado de pérdida Estado de daño No para préstamo Biblioteca de origen Biblioteca actual Ubicación en estantería Fecha de adquisición Fuente de adquisición Total de préstamos Signatura topográfica completa Código de barras Visto por última vez Precio de reemplazo Tipo de ítem Koha
        Biblioteca del Ateneo de Madrid Biblioteca del Ateneo de Madrid Depósito 2 17/01/2008     E-10396 1081538 23/02/2023 23/02/2023 Libro impreso